000 00444nam a2200193Ia 4500
003 OSt
005 20221005115112.0
006 a|||||r|||| 00| 0
007 ta
008 221004b |||||||| |||| 00| 0 eng d
024 _a111431
037 _cTextual
040 _aCRL
_cCRL
_beng
041 _2eng
_aeng
245 0 _aBooking Uranka somaliyeed Faatin Bulletin
260 _c1973
942 _cTEXL
_2cc
999 _c1033425
_d1033425